The Egyptian Oracle Project : ancient ceremony in augmented reality /

محفوظ في:

مؤلفون آخرون: Gillam, Robyn Adams, 1952-, Jacobson, Jeffrey, 1961-

التنسيق: كتاب

اللغة: English

منشور في: London ; New York : Bloomsbury ; Bloomsbury Academic, an imprint of Bloomsbury Publishing Plc, 2015.

سلاسل: Bloomsbury Egyptology.

الموضوعات:

الوسوم: إضافة وسم

لا توجد وسوم, كن أول من يضع وسما على هذه التسجيلة!

رقم الطلب: BF1770 .E3 E39 2015

LEADER 02145namaa2200277 4500
003 OSt
005 20250917111244.0
008 130303s2015 enk b 001 0 eng d
020 |a 9781474234153 
040 |c ARCE Library 
050 4 |a BF1770 .E3 E39 2015 
245 0 4 |a The Egyptian Oracle Project :  |b ancient ceremony in augmented reality /  |c edited by Robyn Gillam and Jeffrey Jacobson ; chapters contributed by Josephine Anstey and David Pape, Ph.D., University of Buffalo, New York, U.S.A., Erik Champion, Ph.D., Curtin University, Perth, Australia, Lisa Aimee Sturz, MFA, Red Herring Puppets, Asheville, North Carolina, U.S.A., Mary-Ann Pouls Wegner, Ph.D., University of Toronto, Canada. 
264 1 |a London ;   |a New York :   |b Bloomsbury ;   |b Bloomsbury Academic, an imprint of Bloomsbury Publishing Plc,   |c 2015. 
300 |a xvi, 255 pages ;  |c 24 cm. 
490 0 |a Bloomsbury Egyptology. 
504 |a Includes bibliographical references (pages 223-246) and index. 
505 0 |a I The Egyptian Oracle -- Chapter 1: Historical Foundations (Robyn Gillam) -- Chapter 2: Cross-Cultural Analysis (Robyn Gillam) -- Chapter 3: The Virtual Temple of Horus and Its Egyptian Prototypes (Robyn Gillam) -- PART II The Performance -- Chapter 4: Technical Description (Jeffrey Jacobson) -- Chapter 5: Mixed Reality Theater and the Oracle (Josephine Anstey and David Pape, University of Buffalo, New York, USA) -- Chapter 6: Educational Purpose and Results (Jeffrey Jacobson) -- PART III The Technology -- Chapter 7: Puppetry and Virtual Theater (Lisa Aimee Sturz, Red Herring Puppets, Asheville, North Carolina, USA) -- Chapter 8: Introduction to Virtual Heritage (Erik Champion, Curtin University, Perth, Australia) -- Chapter 9: The Virtual Temple: Construction and Use (Jeffrey Jacobson). 
650 0 |a Oracles, Egyptian  |x Computer simulation. 
650 0 |a Temples  |z Egypt  |x Computer simulation. 
650 0 |a Rites and ceremonies   |z Egypt   |x History   |y 30 B.C.-640 A.D. 
651 0 |a Egypt   |x Religion. 
700 1 |a Gillam, Robyn Adams,   |d 1952-,  |9 30786 
700 1 |a Jacobson, Jeffrey,  |d 1961- 
901 |a reviewed 
942 |c BK  |2 lcc 
999 |c 8834  |d 8834